| 000 | 01436cam a2200325 i 4500 | ||
|---|---|---|---|
| 001 | 18145781 | ||
| 005 | 20141218155754.0 | ||
| 008 | 140507s2014 xxka frb f001 0 eng d | ||
| 010 | _a2013047255 | ||
| 020 | _a9781107027022 (hardback : alk. paper) | ||
| 040 |
_aOU/DLC _beng _cOU _dDLC _dEG-ScBUE |
||
| 082 | 0 | 0 |
_a621.381 _222 _bLIE |
| 100 | 1 |
_aLi, Er-Ping _936994 |
|
| 245 | 1 | 0 |
_aPlasmonic nanoelectronics and sensing / _cby Er-Ping Li and Hong-Son Chu. |
| 260 |
_aCambridge, United Kingdom ; _aNew York, United States : _bCambridge University Press, _c2014. |
||
| 300 |
_axii, 251 p. : _bill. ; _c26 cm. |
||
| 490 | 1 | _aEuMA high frequency technologies series | |
| 500 | _aIndex : p. 249-251. | ||
| 504 | _aIncludes bibliographical references. | ||
| 505 | 0 | _aFundamentals of plasmonics-Plasmonic properties of metal nanostructures-Frequency-domain methods for modeling plasmonics-Time-domain simulation for plasmonic devices-Passive plasmonic waveguide-based devices-Silicon-based active plasmonic devices for on-chip integration-Plasmonic biosensing devices and systems. | |
| 650 | 0 |
_aNanoelectronics _95978 |
|
| 650 | 0 |
_aNanophotonics _931405 |
|
| 650 | 0 |
_aPlasma oscillations _931409 |
|
| 650 | 0 |
_aSurface plasmon resonance _936995 |
|
| 653 |
_bENGELC _cDecember2014 |
||
| 655 |
_vreading book _934232 |
||
| 700 | 1 |
_aChu, Hong-Son _936996 |
|
| 830 | 0 | _aEuMA high frequency technologies series | |
| 942 |
_2ddc _k621.381 LIE |
||
| 999 |
_c18803 _d18775 |
||